00665nam a2200157 i 450000100060000000300090000600500170001500700030003200800410003510000340007624502140011026000730032430000210039770000640041885200250048239588ES-MaACL20260127062526.0t|030303s1893 sp ||||1| spa d1 aCanalejas, José,d1854-191210aDiscurso leído por el presidente .... José Canalejas y Méndez en la sesión inaugural del curso de 1893 a 94 celebrada el 13 de noviembre de 1893 [en la Real Academia de Jurisprudencia y Legislación]. aMadrid : b[s.n.], c1893 (fTip. de los Hijos de M. G. Hernández) a83 p. ; c25 cm. aReal Academia de Jurisprudencia y Legislación de España aES-MaACLjT-689-F-10